Lịch sử sử học Việt Nam

Na minha lista:
Detalhes bibliográficos
Autor principal: Phan Ngọc Liên
Formato: Livro
Idioma:Undetermined
Publicado em: H. ĐHSP 2003
Assuntos:
Tags: Adicionar Tag
Sem tags, seja o primeiro a adicionar uma tag!
Thư viện lưu trữ: Trung tâm Học liệu Trường Đại học Cần Thơ
LEADER 00534nam a2200205Ia 4500
001 CTU_60058
008 210402s9999 xx 000 0 und d
020 |b 31000 
082 |a 959.7 
082 |b L305 
100 |a Phan Ngọc Liên 
245 0 |a Lịch sử sử học Việt Nam 
245 0 |c Phan Ngọc Liên và Nguyễn Ngọc Cơ 
260 |a H. 
260 |b ĐHSP 
260 |c 2003 
650 |a vietnam 
650 |x history 
904 |i Minh 
980 |a Trung tâm Học liệu Trường Đại học Cần Thơ